[Event "Harmonie Open A"]
[Site "Groningen NED"]
[Date "2007.12.23"]
[Round "3"]
[White "Adly,A"]
[Black "Pruijssers,R"]
[Result "1/2-1/2"]
[WhiteElo "2494"]
[BlackElo "2408"]

1.Nf3 Nf6 2.g3 g6 3.Bg2 Bg7 4.d4 O-O 5.c4 d6 6.O-O Nbd7 7.Nc3 e5 8.h3 a6
9.e4 b5 10.Qc2 c6 11.c5 Ne8 12.d5 Qc7 13.dxc6 Qxc6 14.Nd5 Qxc5 15.Qd1 Qa7
16.a4 Qb7 17.Bg5 Ndf6 18.Bxf6 Nxf6 19.axb5 Nxd5 20.Qxd5 Qxd5 21.exd5 Bb7
22.bxa6 Rxa6 23.Rxa6 Bxa6 24.Ra1 Bb5 25.Ng5 Rd8 26.Ra7 Be8 27.b4 h6 28.Ne4 f5
29.Nd2 e4 30.Nc4  1/2-1/2

[Event "Harmonie Open A"]
[Site "Groningen NED"]
[Date "2007.12.24"]
[Round "4"]
[White "Hoffmann,Mi1"]
[Black "Nijboer,F"]
[Result "1/2-1/2"]
[WhiteElo "2471"]
[BlackElo "2559"]

1.d4 Nf6 2.c4 g6 3.Nf3 Bg7 4.g3 O-O 5.Bg2 d6 6.O-O Nc6 7.Nc3 Rb8 8.h3 a6
9.e4 b5 10.e5 dxe5 11.dxe5 Qxd1  1/2-1/2

[Event "37th Rilton Cup"]
[Site "Stockholm SWE"]
[Date "2007.12.28"]
[Round "2"]
[White "Livner,A"]
[Black "Jiretorn,E"]
[Result "1/2-1/2"]
[WhiteElo "2281"]
[BlackElo "2121"]

1.d4 Nf6 2.c4 g6 3.g3 Bg7 4.Bg2 O-O 5.Nf3 d6 6.O-O c6 7.Nc3 Qa5 8.e4 Nbd7
9.h3 e5 10.Re1 exd4 11.Nxd4 Ne5 12.Bf1 Be6 13.Nxe6 fxe6 14.Kg2 Rad8 15.f4 Nf7
16.Be3 e5 17.Be2 Kh8 18.Bf3 exf4 19.gxf4 g5 20.f5 Rg8 21.Kh1 Rd7 22.Rg1 h6
23.Qe2 Ne5 24.Rad1 Qb4 25.c5 dxc5 26.Rxd7 Nfxd7 27.Bh5 Bf6 28.h4 Qc4 29.Qh2 g4
30.Qf4 Bg7 31.f6 Nxf6 32.Qxe5 Nd5 33.Qe6 Nxe3 34.Qxc4 Nxc4 35.Bf7 Nxb2 36.Bxg8 Kxg8
37.Rxg4 Kf7 38.Ne2 c4 39.Rg3 Nd1 40.Kg1 b5 41.Ra3 Ke6 42.Rxa7 Bf8 43.Nd4+ Ke5
44.Nxc6+ Kxe4 45.Rb7 c3 46.Na5 b4 47.Nb3 c2 48.Kf1 Nc3 49.Ke1 Nxa2 50.Kd2 c1=Q+
51.Nxc1 Nxc1 52.Kxc1 Bc5 53.Kc2 Kf3 54.Rb5 Be7 55.Rh5 Kg4 56.Rxh6  1/2-1/2

[Event "Harmonie Open A"]
[Site "Groningen NED"]
[Date "2007.12.29"]
[Round "8"]
[White "Adly,A"]
[Black "Nijboer,F"]
[Result "1-0"]
[WhiteElo "2494"]
[BlackElo "2559"]

1.d4 Nf6 2.Nf3 g6 3.g3 Bg7 4.Bg2 O-O 5.c4 d6 6.O-O Nc6 7.Nc3 Rb8 8.Re1 a6
9.Rb1 Na5 10.Qd3 b5 11.cxb5 axb5 12.b4 Nc4 13.d5 e6 14.Bg5 h6 15.Bxf6 Qxf6
16.Rec1 exd5 17.Nxd5 Qd8 18.Nd4 Bd7 19.a4 Ne5 20.Qa3 Nc4 21.Qd3 Ne5 22.Qc2 c6
23.Nc3 bxa4 24.Nxa4 c5 25.bxc5 Rxb1 26.Rxb1 Bxa4 27.Qxa4 dxc5 28.Nc6 Qd7
29.Rd1 Qc7 30.Nxe5 Qxe5 31.Qc4 Qe7 32.Rc1 Rc8 33.Bd5 Bf6 34.Qg4 Rc7 35.Qxg6+ Bg7
36.Rb1 Qd8 37.Bc4 Kf8 38.Qh5  1-0

[Event "16th Donau Open"]
[Site "Aschach Donau AUT"]
[Date "2007.12.30"]
[Round "6"]
[White "Danilov,I"]
[Black "Horvath,Jo1"]
[Result "0-1"]
[WhiteElo "2414"]
[BlackElo "2519"]

1.d4 Nf6 2.c4 g6 3.Nf3 Bg7 4.g3 O-O 5.Bg2 d6 6.Nc3 Nbd7 7.O-O e5 8.e4 a6
9.Re1 exd4 10.Nxd4 Ng4 11.h3 Qf6 12.hxg4 Qxd4 13.Qxd4 Bxd4 14.Bh6 Bxc3 15.bxc3 Re8
16.e5 dxe5 17.Be3 e4 18.Bf4 Nc5 19.Bxc7 Bxg4 20.Bd6 Rac8 21.Rab1 Bf5 22.Bxc5 Rxc5
23.Rxb7 Rxc4 24.Re3 a5 25.Bf1 Rc5 26.Rb5 Rxb5 27.Bxb5 Rd8 28.c4 Rd2 29.a3 Rd1+
30.Kg2 Rc1 31.g4 Bxg4 32.Rxe4 Be6 33.a4 Kg7 34.Kf3 h5 35.Ke2 Rc2+ 36.Ke3 Kf6
37.Kd4 Rxf2 38.Kc5 g5 39.Kb6 g4 40.c5 g3 41.c6 g2 42.c7 g1=Q  0-1

[Event "XIX Open"]
[Site "Villa de Roquetas ESP"]
[Date "2008.01.03"]
[Round "2"]
[White "Barsov,A"]
[Black "Berbatov,K"]
[Result "1-0"]
[WhiteElo "2521"]
[BlackElo "2170"]

1.d4 Nf6 2.Nf3 g6 3.c4 Bg7 4.g3 O-O 5.Bg2 d6 6.O-O Nc6 7.Nc3 a6 8.d5 Na5
9.b3 Nxd5 10.Nxd5 Bxa1 11.Bd2 Nxc4 12.bxc4 Bg7 13.Bg5 Re8 14.Qb3 h6 15.Bd2 e6
16.Ne3 Rb8 17.h4 b5 18.Ng4 Kh7 19.Qe3 h5 20.Qa7 Bd7 21.Ne3 bxc4 22.Nxc4 Bb5
23.Rc1 Re7 24.Qe3 c5 25.a4 Bxa4 26.Qf4 Bb3 27.Ba5 Qd7 28.Nxd6 e5 29.Ng5+ Kg8
30.Qd2 c4 31.Bd5 c3 32.Rxc3 Bxd5 33.Qxd5 Bf8 34.Rd3 e4 35.Ngxe4 Qh3 36.Rd1 Rb2
37.Bc3 Rxe2 38.Nf6+ Kg7 39.Nxh5+ Kh7 40.Nf4  1-0

[Event "5th TCh-Asia w"]
[Site "Visakhpatnam IND"]
[Date "2008.01.04"]
[Round "2"]
[White "Harika,D"]
[Black "Sabirova,O"]
[Result "1-0"]
[WhiteElo "2455"]
[BlackElo "2256"]

1.d4 Nf6 2.c4 g6 3.g3 Bg7 4.Bg2 O-O 5.Nf3 d6 6.O-O Nbd7 7.Qc2 e5 8.Rd1 Qe7
9.Nc3 c6 10.e4 exd4 11.Nxd4 Ne5 12.Qe2 Re8 13.h3 a5 14.b3 Ned7 15.Qc2 Nc5
16.f3 Nh5 17.g4 Nf6 18.Bg5 h6 19.Bh4 Ne6 20.Nde2 g5 21.Bg3 Rd8 22.Rac1 Ne8
23.Qd2 Be5 24.f4 gxf4 25.Nxf4 Qg5 26.Nce2 N8g7 27.Nd3 Bxg3 28.Nxg3 Nf8 29.Nf5 Bxf5
30.exf5 Nh7 31.Ne1 Qxd2 32.Rxd2 Nf6 33.Rcd1 Nge8 34.Bf3 Nd7 35.Nd3 a4 36.h4 axb3
37.axb3 Ra3 38.Rb1 Rda8 39.Kf2 Ra2 40.Rbb2 Rxb2 41.Rxb2 Nc7 42.Ke3 Ra3 43.Kd4 Na6
44.g5 Nac5 45.Nxc5 Nxc5 46.Bd1 Ra1 47.Rd2 hxg5 48.hxg5 Kf8 49.b4 Na6 50.Kc3 Rc1+
51.Bc2 Ke7 52.f6+ Kd7 53.Rf2 Rg1 54.g6 Rg3+ 55.Kb2 Ke6 56.Re2+ Kxf6 57.Rf2+ Kg7
58.Rxf7+ Kg8 59.Rxb7 c5 60.bxc5 Nxc5 61.Rb6 Nd3+ 62.Bxd3 Rxd3 63.Kc2 Rd4
64.Kc3 Rd1 65.Rb7 Rg1 66.Kd4 Rxg6 67.Kd5 Kf8 68.Rd7 Ke8 69.Rxd6 Rg1 70.c5 Ra1
71.Kc6 Ra6+ 72.Kc7 Ra7+ 73.Kb6 Ra1 74.c6 Ke7 75.Rd2 Ra3 76.c7 Rb3+ 77.Kc6 Rc3+
78.Kb7 Rb3+ 79.Kc8 Rh3 80.Rb2  1-0

[Event "Paul Keres Mem GMB"]
[Site "Tallinn EST"]
[Date "2008.01.07"]
[Round "2"]
[White "Shumiakina,T"]
[Black "Tsiganova,M"]
[Result "1/2-1/2"]
[WhiteElo "2352"]
[BlackElo "2221"]

1.d4 Nf6 2.c4 g6 3.Nf3 Bg7 4.g3 O-O 5.Bg2 d6 6.O-O Nc6 7.h3 Rb8 8.Nc3 a6
9.e4 Nd7 10.Rb1 Na5 11.Qe2 b5 12.cxb5 axb5 13.b4 Nc4 14.Rd1 c6 15.a4 Ba6
16.a5 c5 17.Na2 cxd4 18.Nxd4 Qc7 19.Be3 Nxe3 20.Qxe3 Ne5 21.Nc3 e6 22.Rbc1 Nc4
23.Qe2 Rfc8 24.Bf1 Qd7 25.Kh2 Rc7 26.Ncxb5 Bxb5 27.Nxb5 Qxb5 28.Rxc4 Rxc4
29.Qxc4 Qxc4 30.Bxc4 Rxb4 31.Bf1 Bd4 32.Rd2 Ra4 33.a6 Bc5 34.Bd3 Kg7 35.Kg2 f5
36.Re2  1/2-1/2

[Event "TCh-AUT 1st Bundesliga 2007-8"]
[Site "Jenbach AUT"]
[Date "2008.01.11"]
[Round "5"]
[White "Nanu,C"]
[Black "Weiss,C"]
[Result "1/2-1/2"]
[WhiteElo "2527"]
[BlackElo "2449"]

1.d4 Nf6 2.Nf3 g6 3.c4 Bg7 4.g3 O-O 5.Bg2 d6 6.O-O Nbd7 7.Nc3 e5 8.e4 c6
9.h3 Re8 10.Be3 exd4 11.Nxd4 Nc5 12.Qc2 a5 13.Rad1 Nfd7 14.Nb3 Qc7 15.Rfe1 Nxb3
16.axb3 Nc5 17.f4 b6 18.Bd4 Bxd4+ 19.Rxd4 Ba6 20.Nd1 Rad8 21.Nf2 Bc8 22.Qc3 f5
23.exf5 gxf5 24.Rdd1 Re6 25.Rxe6 Bxe6 26.Nd3 Ne4 27.Bxe4 fxe4 28.Nf2 d5 29.Qf6 Re8
30.Ng4 Bxg4 31.hxg4 dxc4 32.bxc4 e3 33.Qg5+ Kh8 34.Qf6+ Kg8 35.Qd4 e2 36.Re1 Qg7
37.Qxg7+ Kxg7 38.Kf2 Re4 39.b3 a4 40.Kf3 Rd4 41.bxa4 Rxc4 42.Rxe2 Rxa4 43.Re7+ Kg8
44.g5 Rd4 45.Rb7 b5 46.Kg4 Rd6 47.Kf5 Rd8 48.Rb6 Rf8+ 49.Kg4 Rc8 50.Kh5 c5
51.Rxb5 c4 52.Rb2 c3 53.Rc2 Kg7 54.Kg4 Kg6 55.f5+ Kg7 56.Kf4 Rc5 57.g4 Rc4+
58.Ke5 Kf7 59.Kd5 Rxg4 60.Rxc3 Rxg5 61.Ke5 h5 62.Rc7+ Kg8 63.Kf6 Rg2 64.Re7 Ra2
65.Rg7+ Kf8 66.Rh7 Ra6+ 67.Kg5 Rb6 68.Kxh5 Ra6 69.Kg5 Rb6 70.Ra7 Rc6  1/2-1/2

[Event "ASEAN Masters Circuit GMA"]
[Site "Tarakan INA"]
[Date "2008.01.11"]
[Round "4"]
[White "Zhang Zhong"]
[Black "Ginting,Nas"]
[Result "1-0"]
[WhiteElo "2617"]
[BlackElo "2393"]

1.c4 g6 2.d4 Nf6 3.g3 Bg7 4.Bg2 d6 5.Nf3 O-O 6.Nc3 Nc6 7.O-O a6 8.Qd3 e5
9.dxe5 dxe5 10.Qxd8 Rxd8 11.Bg5 Be6 12.Nd2 h6 13.Bxf6 Bxf6 14.Nde4 Be7 15.Nd5 Bxd5
16.cxd5 Nb4 17.Nc3 c6 18.dxc6 Nxc6 19.Nd5 Rd6 20.Rac1 Bf8 21.Nb6 Re8 22.Bxc6 bxc6
23.Rfd1 Red8 24.Rxd6 Rxd6 25.Kf1 f6 26.e3 Kf7 27.Ke2 c5 28.Nc4 Rd7 29.Rc3 e4
30.Rb3 Ra7 31.Rb6 Be7 32.g4 h5 33.g5 fxg5 34.Ne5+ Kg7 35.Rxg6+ Kh7 36.Re6 Rb7
37.Nc4 a5 38.b3 Kg7 39.Rxe4 Ra7 40.Nb6 Bd8 41.Na4 Rc7 42.f3  1-0

[Event "TCh-AUT 1st Bundesliga 2007-8"]
[Site "Jenbach AUT"]
[Date "2008.01.12"]
[Round "6"]
[White "Rotstein,A"]
[Black "Gross,Dav GER"]
[Result "1/2-1/2"]
[WhiteElo "2548"]
[BlackElo "2491"]

1.d4 Nf6 2.c4 g6 3.g3 Bg7 4.Bg2 O-O 5.Nf3 d6 6.O-O Nc6 7.Nc3 a6 8.b3 Rb8
9.Nd5 Bg4 10.Bb2 Nxd5 11.cxd5 Nb4 12.e4 f5 13.h3 fxe4 14.hxg4 exf3 15.Bxf3 Qe8
16.g5 Kh8 17.Kg2 Qf7 18.Qe2 Rbe8 19.Qe4 e6 20.dxe6 Rxe6 21.Qg4 c6 22.Rad1 Nd5
23.Rd3 Qe7 24.Rh1 Kg8 25.Qh3 Bh8 26.Bc1 Qf7 27.Qg4 Ne7 28.d5 Nxd5 29.Rxd5 Qxf3+
30.Qxf3 Rxf3 31.Kxf3 cxd5 32.Rd1 Kf7 33.Rxd5 Ke7 34.Bf4 Kd7 35.Rd1 Bc3 36.Be3 b5
37.Ke2 Bb4 38.Rc1 Bc5 39.Rc3 b4 40.Rd3 Kc6 41.Kd2 Re7 42.f4 h6 43.gxh6 Bxe3+
44.Rxe3 Rh7 45.f5 gxf5 46.Re6 Kd5 47.Rg6 a5 48.Ke3 Ke5 49.Kf3 Rh8 50.g4 fxg4+
51.Kxg4 d5 52.Kf3 Kd4 53.Ke2 Kc3 54.Kd1 d4 55.Rg3+ Kb2 56.Rg2+ Kb1 57.Rh2 Rh7
58.Ke1 d3 59.Kd1 d2 60.Kxd2 Kxa2 61.Kc2 a4 62.bxa4 b3+ 63.Kc3+ Ka3 64.a5 b2
65.Rxb2 Rc7+ 66.Kd4 Kxb2 67.a6 Kb3 68.Ke5 Rh7 69.a7 Rxa7 70.Kf6 Ra6+ 71.Kg7  1/2-1/2

[Event "Open A"]
[Site "Prague CZE"]
[Date "2008.01.12"]
[Round "2"]
[White "Paseka,C"]
[Black "Jaeger,A"]
[Result "1/2-1/2"]
[WhiteElo "1941"]
[BlackElo "2055"]

1.d4 Nf6 2.Nf3 g6 3.c4 Bg7 4.g3 O-O 5.Bg2 d6 6.O-O Nc6 7.Nc3 e5 8.d5 Ne7
9.e4 a6 10.a4 Bd7 11.Bg5 h6 12.Bxf6 Bxf6 13.h3 Bg7 14.Ne1 f5 15.g4 fxg4 16.hxg4 g5
17.Nd3 Ng6 18.b4 Nf4 19.f3 Qe8 20.Rc1 Nxd3 21.Qxd3 Bxa4 22.Nxa4 Qxa4 23.Qc3 Qd7
24.c5 Rfc8 25.Rf2 c6 26.Qd3 Bf8 27.Rd2 cxd5 28.Qxd5+ Qf7 29.Rdc2 Qxd5 30.exd5 a5
31.c6 bxc6 32.bxa5 Rxa5 33.dxc6 Rc5 34.Rxc5 dxc5 35.f4 exf4 36.Bd5+ Kg7 37.Ra1 Bd6
38.Ra7+ Rc7 39.Ra8 Be5 40.Rg8+ Kh7 41.Re8 Bd4+ 42.Kg2 Kg7 43.Rg8+ Kf6 44.Rh8 Kg6
45.Rg8+ Kh7 46.Rd8 Re7 47.Be6 Be5 48.Bd7 Bc7 49.Rc8 Ba5 50.Ra8 Re2+ 51.Kf1 Re1+
52.Kf2 Ra1 53.Kf3 Ra3+ 54.Kg2 Ra2+ 55.Kf3 Ra3+ 56.Kg2 Ra2+  1/2-1/2

[Event "Paul Keres Mem GMA"]
[Site "Tallinn EST"]
[Date "2008.01.12"]
[Round "9"]
[White "Volodin,Alek"]
[Black "Onischuk,V"]
[Result "1-0"]
[WhiteElo "2379"]
[BlackElo "2474"]

1.d4 Nf6 2.c4 g6 3.Nf3 Bg7 4.g3 O-O 5.Bg2 d6 6.O-O Nbd7 7.Qc2 e5 8.dxe5 dxe5
9.e4 Qe7 10.b3 b6 11.Ba3 c5 12.Nc3 Bb7 13.Bb2 Rad8 14.Rae1 Ne8 15.a4 Nd6
16.Nd5 Bxd5 17.exd5 Rde8 18.Qc1 h6 19.Qa1 f5 20.Nxe5 Nxe5 21.f4 Nf3+ 22.Bxf3 Bxb2
23.Qxb2 Qxe1 24.Rxe1 Rxe1+ 25.Kf2 Re7 26.a5 Kf7 27.axb6 axb6 28.Qa1 h5 29.Qa6 Rb7
30.b4 Rd8 31.Qa4 Rc8 32.Be2 Rbc7 33.bxc5 bxc5 34.Qa6 Rd7 35.Bd3 Kg7 36.Qb6 Kh7
37.h3 Kg7 38.Kf3 Rcc7 39.g4 hxg4+ 40.hxg4 fxg4+ 41.Kxg4 Rc8 42.Qb2+ Kf7 43.Kg5 Kg8
44.Bxg6 Nxc4 45.Qe2 Rxd5+ 46.Kh6  1-0

[Event "ITT"]
[Site "Villa Martelli Verano ARG"]
[Date "2008.01.12"]
[Round "9"]
[White "Fernandez,Dani"]
[Black "Iermito,S"]
[Result "1/2-1/2"]
[WhiteElo "2437"]
[BlackElo "2334"]

1.Nf3 Nf6 2.c4 g6 3.g3 Bg7 4.d4 O-O 5.Bg2 d6 6.O-O Nc6 7.Nc3 a6 8.h3 Rb8
9.e4 b5 10.e5 dxe5 11.dxe5 Qxd1 12.Rxd1 Nd7 13.cxb5 axb5 14.Be3 Nb6 15.Bxb6 cxb6
16.Re1 b4 17.Nd5 Rd8 18.Rac1 Rxd5 19.Rxc6 Rc5 20.Rxc5 bxc5 21.Rc1 Be6 22.Rxc5 Bxa2
23.Nd4 Kf8 24.Nc6 Rc8 25.Rb5 b3 26.f4 f6 27.Rb7 fxe5 28.fxe5 e6 29.Be4 Bb1
30.Nd4 Rc1+ 31.Kf2 Bxe5 32.Nxe6+ Ke8 33.Bxb1 Rxb1 34.Rxb3 Rxb2+  1/2-1/2

[Event "TCh-AUT 1st Bundesliga 2007-8"]
[Site "Jenbach AUT"]
[Date "2008.01.13"]
[Round "7"]
[White "Freitag,M"]
[Black "Kuthan,A"]
[Result "1-0"]
[WhiteElo "1729"]
[BlackElo "2237"]

1.d4 Nf6 2.c4 g6 3.Nf3 Bg7 4.g3 O-O 5.Bg2 d6 6.O-O Nbd7 7.Nc3 e5 8.Qc2 c6
9.Rd1 Qe7 10.b3 Re8 11.e3 exd4 12.Nxd4 Nc5 13.h3 h5 14.Kh2 Bd7 15.Bb2 Rad8
16.Re1 Nce4 17.Nxe4 Nxe4 18.Rad1 h4 19.g4 Bc8 20.Bxe4 Qxe4 21.Qxe4 Rxe4 22.Re2 f5
23.gxf5 Bxf5 24.Nxf5 Bxb2 25.Rxb2 gxf5 26.Kg2 Kf7 27.Kf3 Kf6 28.Rbd2 Re6
29.Rd4 Kg5 30.Rg1+ Kh5 31.Rg7 Rb8 32.Rh7+ Kg6 33.Rdxh4 Kf6 34.R4h6+ Ke5 35.Rxe6+ Kxe6
36.Kf4 a5 37.Rh6+ Ke7 38.h4 b5 39.c5 dxc5 40.Ke5 Rf8 41.Rxc6  1-0

[Event "TCh-AUT 1st Bundesliga 2007-8"]
[Site "Jenbach AUT"]
[Date "2008.01.13"]
[Round "7"]
[White "Ruck,R1"]
[Black "Lanka,Z"]
[Result "1/2-1/2"]
[WhiteElo "2572"]
[BlackElo "2475"]

1.Nf3 Nf6 2.c4 g6 3.d4 Bg7 4.g3 O-O 5.Bg2 d6 6.Nc3 a6 7.O-O Nc6 8.d5 Na5
9.b3 c5 10.dxc6 Nxc6 11.Bb2 Qa5 12.Qc1 Bd7 13.Rd1 Rfc8 14.Nd5 Nxd5 15.Bxg7 Kxg7
16.Rxd5 Qc7 17.Qc3+ f6 18.Qe3 b6 19.Rad1 Rab8 20.Nd4 Kf7 21.Qh6 Rh8 22.Nf3 Nd8
23.Nh4 Ne6 24.f4 Rbg8 25.e4 g5 26.fxg5 Rxg5 27.Nf3 Rg6 28.Qe3 Bc6 29.Rh5 Ng7
30.Rh4 Bb7 31.Kh1 Qc5 32.Qe2 Ne6 33.Ne1 Qc7 34.Nc2 Ng5 35.Ne3 e6 36.Qd2 Rd8
37.Ng4 Kg7 38.Nf2 e5 39.Qe2 Bc8 40.Qd2 Kh8 41.Nd3 a5 42.Ne1 Bb7 43.Nc2 Ne6
44.Ne3 Nd4 45.Qf2 Qc5 46.Nf5 Nxf5 47.Qxf5 Kg7 48.Qh5 Rh8 49.Qe2 Qc7 50.Qd2 Rd8
51.Rh5 Bc8 52.Bh3 Bxh3 53.Rxh3 Qd7 54.Rh4 f5 55.exf5 Qxf5 56.Qd3 Rf8 57.Qxf5 Rxf5
58.Kg2 Rgf6 59.Rd2 h6 60.Re4 Kf7 61.Ree2 Ke7 62.Rf2 Rxf2+ 63.Rxf2 Rg6 64.Kf3 Ke6
65.Ke3 h5 66.Rf3 Rg8 67.h3 a4 68.Ke4 b5 69.Rd3 axb3 70.axb3 bxc4 71.bxc4 Ra8
72.Rb3 Ra4 73.Kd3 Ra1 74.Rb6 Ra3+ 75.Ke4 Rc3 76.Rc6 Kd7 77.Ra6 h4 78.g4 Rxc4+
79.Kf5 Rf4+ 80.Kg5 Rf3 81.Kxh4 e4 82.g5 e3 83.Ra7+ Ke6 84.Ra8 Kf5 85.g6 e2
86.Re8 Kxg6 87.Kg4 Rf1 88.Rxe2 Kf6 89.Kg3 Ra1  1/2-1/2

[Event "6th Parsvnath Open"]
[Site "New Delhi IND"]
[Date "2008.01.13"]
[Round "2"]
[White "Divyasri,C"]
[Black "Konguvel,P"]
[Result "1/2-1/2"]
[WhiteElo "2099"]
[BlackElo "2394"]

1.d4 Nf6 2.c4 g6 3.Nf3 Bg7 4.g3 O-O 5.Bg2 d6 6.O-O Nbd7 7.Nc3 e5 8.e4 c6
9.h3 Qb6 10.c5 dxc5 11.dxe5 Ne8 12.e6 fxe6 13.Ng5 Ne5 14.f4 Nf7 15.Nxf7 Bd4+
16.Kh2 Rxf7 17.e5 Qc7 18.Ne2 Qb6 19.Rf3 Rd7 20.Rd3 Qd8 21.Be4 a5 22.a4 Ra6
23.Ra2 Nc7 24.b3 Nd5 25.Ba3 Rb6 26.Nxd4 cxd4 27.Bxd5 Rxd5 28.Rc2 Rb4 29.Qc1 Qe7
30.Bxb4 axb4 31.Rc4 c5 32.Rcxd4 Rxd4 33.Rxd4 cxd4 34.Qxc8+ Kg7 35.Qc4 Qd7
36.Qxb4 d3 37.Qd2 Qd5 38.g4 Qxb3 39.Kg3 Qd5 40.Kf2 Qd4+ 41.Kf3 b6 42.a5 Qd5+
43.Ke3 bxa5 44.Qxd3 a4 45.Qa3 Qd7 46.Qb4 Kf7 47.Qd4 Qe7 48.Qxa4 Qc5+  1/2-1/2

[Event "6th Parsvnath Open"]
[Site "New Delhi IND"]
[Date "2008.01.15"]
[Round "5"]
[White "Thapa,K"]
[Black "Melnikova,Y"]
[Result "1-0"]
[WhiteElo "2144"]
[BlackElo "2283"]

1.d4 Nf6 2.c4 g6 3.Nf3 Bg7 4.g3 O-O 5.Bg2 d6 6.Nc3 Nc6 7.O-O Bd7 8.e4 e5
9.dxe5 Nxe5 10.Nxe5 dxe5 11.Qc2 c6 12.Be3 Qc7 13.Rad1 Be6 14.b3 Rfd8 15.h3 Nd7
16.Rd2 f5 17.Bg5 Nf6 18.Rfd1 h6 19.Bxf6 Bxf6 20.exf5 gxf5 21.h4 Qg7 22.Rd6 Kf7
23.Qe2 Be7 24.Qh5+ Kf6 25.Ne4+  1-0

[Event "ASEAN Masters Circuit GMA"]
[Site "Tarakan INA"]
[Date "2008.01.18"]
[Round "10"]
[White "Ginting,Nas"]
[Black "Purnama,T"]
[Result "0-1"]
[WhiteElo "2393"]
[BlackElo "2383"]

1.Nf3 Nf6 2.c4 g6 3.d4 Bg7 4.g3 O-O 5.Bg2 d6 6.O-O Nc6 7.Nc3 Bf5 8.b3 Ne4
9.Bb2 Nxc3 10.Bxc3 Be4 11.Rc1 e5 12.d5 Ne7 13.Ne1 Bxg2 14.Nxg2 c5 15.f4 Nf5
16.e4 Nd4 17.f5 a6 18.Bd2 b5 19.Ne3 b4 20.Rf2 a5 21.Ng4 f6 22.Nh6+ Kh8 23.fxg6 hxg6
24.Qg4 Qe8 25.h4 Kh7 26.h5  0-1

[Event "6th Parsvnath Open"]
[Site "New Delhi IND"]
[Date "2008.01.19"]
[Round "9"]
[White "Karthikeyan,P"]
[Black "Ubilava,E"]
[Result "1-0"]
[WhiteElo "2327"]
[BlackElo "2544"]

1.d4 Nf6 2.c4 g6 3.Nf3 Bg7 4.g3 O-O 5.Bg2 d6 6.O-O a6 7.b3 b5 8.Nbd2 Bb7
9.Bb2 Nbd7 10.Qc2 Rb8 11.c5 Bxf3 12.Nxf3 d5 13.c6 Nb6 14.Ne5 Qd6 15.a4 bxa4
16.bxa4 Nc4 17.Nxc4 dxc4 18.Rac1 Rfd8 19.Rfd1 Nd5 20.Ba1 c3 21.Bxd5 Qxd5
22.Qxc3 a5 23.Qc5 e6 24.Qxd5 Rxd5 25.e4 Rd6 26.e5 Rd5 27.Rb1 Rb4 28.Rdc1 Bf8
29.Bc3 Rxa4 30.Rb7 Rc4 31.Rxc7 Rdxd4 32.Bxd4 Rxc1+ 33.Kg2 Kg7 34.Be3 Rc2
35.Bg5 Bc5 36.Bf6+ Kh6 37.Rxf7 Rxf2+ 38.Kh3 Rc2 39.c7 Bg1 40.Kh4 Rc4+ 41.g4 Bf2+
42.Kh3 g5 43.Be7 Rxc7 44.Bf8+  1-0

[Event "IMB1"]
[Site "Marianske Lazne CZE"]
[Date "2008.01.24"]
[Round "7"]
[White "Vokoun,J"]
[Black "Babula,M"]
[Result "1/2-1/2"]
[WhiteElo "2217"]
[BlackElo "2328"]

1.Nf3 Nf6 2.c4 g6 3.d4 Bg7 4.g3 O-O 5.Bg2 d6 6.Nc3 Na6 7.O-O c5 8.d5 Nc7
9.e4 a6 10.a4 b6 11.h3 Rb8 12.Re1 Nd7 13.Bf1 Ne5 14.Nh2 f6 15.f4 Nf7 16.h4 e5
17.dxe6 Bxe6 18.Be2 f5 19.exf5 Bxf5 20.Nf1 Re8 21.Kg2 Bd4 22.g4 Bd7 23.g5 Bc6+
24.Kg3 d5 25.Bf3 Qd7 26.cxd5 Nxd5 27.Ne4 Qc7 28.Nh2 Nd6 29.Nxd6 Qxd6 30.Ng4 Rxe1
31.Qxe1 Re8 32.Qh1 Rf8 33.Bxd5+ Bxd5 34.Qd1 Kg7 35.Qe2 Bb7 36.Be3 Rd8 37.Rd1 Bc8
38.Bxd4+ cxd4 39.Qe5+ Qxe5 40.Nxe5 Bf5 41.Nc6 Re8 42.Nxd4 Re3+ 43.Kf2 Rh3
44.Nxf5+ gxf5 45.Rd7+ Kg8 46.Rd5 Rxh4 47.Rxf5 Rh2+ 48.Kg3 Rxb2 49.Rf6 a5
50.Kg4 Rb4 51.Kf5 b5 52.axb5 Rxb5+ 53.Kg4 a4 54.Ra6 Rb4 55.Kf5 Kg7 56.Ra7+ Kg8
57.Ra5 Kg7 58.Ke5 Kg6 59.Ra6+ Kh5  1/2-1/2

[Event "ch-Kyiv Men"]
[Site "Kyiv UKR"]
[Date "2008.01.31"]
[Round "11"]
[White "Baryshpolets,A"]
[Black "Ianov,V"]
[Result "0-1"]
[WhiteElo "2389"]
[BlackElo "2363"]

1.d4 d6 2.Nf3 Nf6 3.c4 g6 4.g3 Bg7 5.Bg2 O-O 6.O-O c6 7.Nc3 Bf5 8.b3 Ne4
9.Bb2 Nxc3 10.Bxc3 Be4 11.Qd2 d5 12.Qf4 Nd7 13.Bh3 Bxf3 14.Qxf3 Nf6 15.Qd3 Qb6
16.Bg2 Rfd8 17.e3 Qa6 18.Rfd1 e6 19.Qc2 b5 20.Be1 Ne8 21.Bf1 Qb7 22.Rac1 Rdc8
23.cxb5 cxb5 24.Qd2 Bf8 25.Qa5 Nd6 26.Rc5 Rxc5 27.dxc5 Ne4 28.b4 a6 29.a4 Rb8
30.axb5 axb5 31.Ra1 Bg7 32.Ra3 Bb2 33.Ra2 Be5 34.Qa7 Qc8 35.f3 Nc3 36.Ra5 d4
37.exd4 Bxd4+ 38.Kh1 Kg7 39.Bxc3 Bxc3 40.c6 Qxc6 41.Qe3 Bf6 42.Qe4 Qc1 43.Kg2 Rd8
44.Ra2 Rd4 45.Rc2 Qb1 46.Qc6 Rxb4 47.Bd3 Qb3 48.Be2 h5 49.Bf1 h4 50.gxh4 Bxh4
51.Rc5 Qe3 52.Rc2 Qg5+ 53.Kh3 Be1  0-1

[Event "Velammal 45th National A ch-IND"]
[Site "Chennai IND"]
[Date "2008.02.08"]
[Round "6"]
[White "Sriram,J"]
[Black "Sanjay,N"]
[Result "1/2-1/2"]
[WhiteElo "2457"]
[BlackElo "2354"]

1.d4 Nf6 2.c4 g6 3.Nf3 Bg7 4.g3 O-O 5.Bg2 d6 6.Nc3 Nbd7 7.O-O e5 8.e3 Re8
9.b3 c6 10.a4 e4 11.Nd2 d5 12.cxd5 cxd5 13.Nb5 Nf8 14.Ba3 Bg4 15.Qc1 a6 16.Nc7 Rc8
17.Nxe8 Rxc1 18.Nxf6+ Bxf6 19.Raxc1 Qd7 20.f3 exf3 21.Nxf3 Qe6 22.Rce1 Nd7
23.Bb2 Bf5 24.Nd2 Bd3 25.Rf2 Bg5 26.Bf3  1/2-1/2

[Event "Velammal 45th National A ch-IND"]
[Site "Chennai IND"]
[Date "2008.02.13"]
[Round "11"]
[White "Karthikeyan,P"]
[Black "Thipsay,P"]
[Result "0-1"]
[WhiteElo "2327"]
[BlackElo "2473"]

1.d4 Nf6 2.c4 g6 3.Nf3 Bg7 4.g3 d6 5.Bg2 O-O 6.O-O Nbd7 7.Nc3 e5 8.e3 Re8
9.a4 c6 10.a5 Rb8 11.b4 e4 12.Ng5 d5 13.cxd5 cxd5 14.f3 h6 15.Nh3 Nf8 16.Nf2 exf3
17.Qxf3 Be6 18.Bd2 N8h7 19.h4 Qd7 20.Rfc1 g5 21.Bf1 a6 22.Na4 gxh4 23.gxh4 Ne4
24.Nxe4 dxe4 25.Qg3 Kh8 26.Nc5 Qd8 27.Nxe6 Rxe6 28.Kh1 Rg6 29.Qf4 Nf6 30.Bh3 Nh5
31.Qxb8 Ng3+ 32.Kh2 Nf1+ 33.Kh1 Qxb8 34.Rc8+ Qxc8 35.Bxc8 Nxd2 36.Bxb7 Nc4
37.Rc1 Nxe3 38.Rc8+ Kh7 39.Bxe4 f5 40.Bd3 Bxd4 41.Rd8 Be5 42.Be2 Rc6 43.Kg1 Bg3
44.b5 Rc1+ 45.Bd1 Rxd1+  0-1

[Event "2nd Int Open Congress"]
[Site "Brentwood ENG"]
[Date "2008.02.17"]
[Round "5"]
[White "Houska,Jo"]
[Black "Rowson,J"]
[Result "0-1"]
[WhiteElo "2393"]
[BlackElo "2580"]

1.d4 Nf6 2.Nf3 d6 3.c4 g6 4.g3 Bg7 5.Bg2 O-O 6.O-O Nc6 7.Nc3 Rb8 8.b3 a6
9.Nd5 Nd7 10.Bb2 e6 11.Ne3 b6 12.Rc1 Bb7 13.a3 Ne7 14.Qd2 h6 15.Rfd1 f5 16.Ne1 Nf6
17.Bxb7 Rxb7 18.N1g2 g5 19.b4 Qe8 20.Qd3 Qh5 21.f3 Qf7 22.Nc2 b5 23.Na1 c6
24.Nb3 d5 25.cxb5 cxb5 26.Nc5 Rb6 27.Bc3 Nc8 28.a4 Nd6 29.axb5 axb5 30.Ra1 Nc4
31.Ra2 Nd7 32.Rda1 Nxc5 33.bxc5 Rbb8 34.Bb4 Qf6 35.e3 Nxe3 36.c6 Qxd4 37.Qxe3 Qxb4
38.Qxe6+ Kh8 39.Rc1 Qd4+ 40.Kh1 b4 41.c7 Rbc8 42.Ra5 b3 43.Rxd5 b2 44.Rd1 Qa4
45.Rd8 Qc2 46.Ne3 Qxc7 47.R8d7 Qe5 48.Qg6 Rc1 49.f4 Qe4+ 50.Kg1 Qxe3+  0-1

[Event "TCh-HUN 2007-8"]
[Site "Budapest HUN"]
[Date "2008.02.17"]
[Round "6"]
[White "Nagy,Danie"]
[Black "Kubacsny,L"]
[Result "1/2-1/2"]
[WhiteElo "2265"]
[BlackElo "2346"]

1.d4 Nf6 2.Nf3 g6 3.c4 Bg7 4.g3 O-O 5.Bg2 d6 6.Nc3 a6 7.O-O Nc6 8.d5 Na5
9.Nd2 c5 10.Rb1 Bd7 11.Qc2 b5 12.cxb5 axb5 13.b4 cxb4 14.Rxb4 Rc8 15.Bb2 Qc7
16.Qb1 Qc5 17.Ba1 Nc4 18.Nxc4 bxc4 19.Rc1 Rc7 20.h3  1/2-1/2

[Event "TCh-HUN 2007-8"]
[Site "Budapest HUN"]
[Date "2008.02.17"]
[Round "6"]
[White "Mikhalchishin,M"]
[Black "Radnai,A"]
[Result "1-0"]
[WhiteElo "2320"]
[BlackElo "2279"]

1.Nf3 Nf6 2.c4 g6 3.d4 Bg7 4.g3 O-O 5.Bg2 d6 6.O-O c6 7.b3 e5 8.dxe5 dxe5
9.Ba3 Qxd1 10.Rxd1 Re8 11.Nc3 Bg4 12.Ng5 e4 13.h3 Bxe2 14.Nxe2 h6 15.Nxf7 Kxf7
16.Re1 Nbd7 17.Nc3 Ne5 18.Re3 Rad8 19.Rf1 Rd3 20.Nxe4 Nxe4 21.Rxe4 Red8 22.Rfe1 Nd7
23.Re7+ Kg8 24.Be4 Rd2 25.Bxg6 Rxa2 26.Rxd7 Rxd7 27.Re8+ Bf8  1-0

[Event "10th TCh-Euro sen"]
[Site "Dresden GER"]
[Date "2008.02.19"]
[Round "9"]
[White "Kristiansen,E"]
[Black "Lenk,W"]
[Result "1-0"]
[WhiteElo "2253"]
[BlackElo "2212"]

1.d4 Nf6 2.c4 g6 3.Nf3 Bg7 4.g3 d6 5.Bg2 O-O 6.O-O Bd7 7.h3 Nc6 8.Nc3 a6
9.b3 Rb8 10.Bb2 b5 11.cxb5 axb5 12.d5 Na7 13.b4 Nc8 14.Nd4 Nb6 15.Rc1 e5
16.dxe6 fxe6 17.Nc6 Bxc6 18.Bxc6 Nc4 19.Ba1 d5 20.Nxb5 Rb6 21.Nd4 Qd6 22.b5 Bh6
23.Rxc4 dxc4 24.Kg2 Nd5 25.Qa4 c3 26.Qc4 Bd2 27.Nf3 Rxc6 28.bxc6 Nb6 29.Qe4 Qd5
30.Qxd5 exd5 31.Nxd2 cxd2 32.Rd1 Nc4 33.Bc3 Ra8 34.Bxd2 Rxa2 35.Bf4 Rxe2
36.Rxd5 Rc2 37.Rd8+ Kf7 38.Rd7+ Ke6 39.Rxh7 Na5 40.Rxc7 Nxc6 41.h4 Kf5 42.Bg5 Ke4
43.g4 Rc4 44.Kg3 Rc3+ 45.Be3 Kd5 46.h5 gxh5 47.gxh5 Rb3 48.h6 Rb1 49.Kg2 Rb4
50.Kg3 Rb1 51.Kg4 Rh1 52.Kf5 Rh5+ 53.Kg6 Rh1 54.Rxc6 Kxc6 55.h7 Kd5 56.Bh6 Rg1+
57.Kf7  1-0